Normal view
MARC view
- Freeze, R. Allan.
Entry Personal Name
001 - CONTROL NUMBER
- control field: 2267
003 - CONTROL NUMBER IDENTIFIER
- control field: NUST
005 - DATE AND TIME OF LATEST TRANSACTION
- control field: 20170608115223.0
008 - FIXED-LENGTH DATA ELEMENTS
- fixed length control field: 170608|| aca||aabn | a|a d
040 ## - CATALOGING SOURCE
- Original cataloging agency: NUST
- Transcribing agency: NUST
100 ## - HEADING--PERSONAL NAME
- Personal name: Freeze, R. Allan.
670 ## - SOURCE DATA FOUND
- Source citation: Work cat.: (NUST)0: Freeze, R. Allan., Groundwater /, c1979.
